| 000 | 01229nam a2200301 4500 | ||
|---|---|---|---|
| 003 | EG-GICUC | ||
| 005 | 20260121101647.0 | ||
| 008 | 260105m14262005ua ||||fr|||| 00| 0 ara d | ||
| 040 |
_a EG-GICUC _bara _c EG-GICUC _d EG-GICUC _erda |
||
| 041 | 0 | _aara | |
| 082 | 0 | 4 |
_221 _a345.7 _bس ل . أ |
| 092 | 0 | 4 | _221 |
| 099 | _aLaw1 07 345.7 س ل . أ 2005 | ||
| 100 | 0 |
_aسليمان محمد الطماوي _eمؤلف. |
|
| 245 | 1 | 2 |
_aالأسس العامة للعقود الإدارية : _bدراسة مقارنة / _cسليمان محمد الطماوي. |
| 264 | 1 |
_aالقاهرة : _bدار الفكر العربي، _c2005. |
|
| 300 |
_a912 صفحة ؛ _c24 سم. _bإيضاحيات، صور، مثيليات ؛ |
||
| 336 |
_2rda content _atext |
||
| 337 |
_2rda media _aComputer |
||
| 338 |
_2rda carrier _aOnline Resource |
||
| 504 | _aيحتوي على ارجاعات ببليوجرافية | ||
| 546 | _aالنص أغلبه باللغة العربية مع بعض النصوص الفرنسية | ||
| 650 | 1 | 4 |
_aالعقود الإدارية _xالقانون الاداري _2qrmak |
| 651 | 1 | _2qrmak | |
| 856 | 4 | 0 | _uhttps://fll.law.cu.edu.eg/fulltext/bks/B07-02558.pdf |
| 905 | _a75 | ||
| 942 |
_2ddc _n0 _cBK _e21 |
||
| 999 |
_c54529 _d54529 |
||